| 000 | 00453pab a2200157 454500 | ||
|---|---|---|---|
| 008 | 180718b2004 xxu||||| |||| 00| 0 eng d | ||
| 100 | _aCrepaz, Markns K.L. | ||
| 245 | _aThe impact of collective and competitive veto points on public expenditures in the global age | ||
| 260 | _c2004 | ||
| 300 | _ap.259-85. | ||
| 362 | _aApr | ||
| 650 | _aPublic expenditure | ||
| 700 | _aMoser, Ann W. | ||
| 773 | _aComparative Political Studies | ||
| 909 | _a60690 | ||
| 999 |
_c60690 _d60690 |
||